[Event "IECC CL5-2004.16 email"]
[Site "IECC email"]
[Date "2004.05.23"]
[Round "?"]
[White "Wakeham, Marc R"]
[Black "Legarda Iturrioz, Jose Javier"]
[Result "0-1"]
[WhiteElo "1477"]
[BlackElo "1503"]
[PlyCount "34"]
[EventDate "2004.??.??"]
[EventType "tourn (corr)"]
[EventRounds "4"]
[SourceTitle "Corr 2008"]
[Source "ChessBase"]
[SourceDate "2008.06.24"]
[SourceVersion "1"]
[SourceVersionDate "2008.06.24"]
[SourceQuality "1"]

1. e4 c5 2. c3 e6 3. Nf3 Nf6 4. e5 Nd5 5. d4 cxd4 6. Bc4 Nb6 7. Bb3 Nc6 8. cxd4 d6 9. 0-0 dxe5 10. dxe5 Qxd1 11. Rxd1 Bd7 12. Be3 Na5 13. Bc2 Rc8 14. Bd3 Nac4 15. Bd4 Bc5 16. b3 Bxd4 17. Nxd4 Nb2 0-1

[Event "IECC CL6-2003.30 email"]
[Site "IECC email"]
[Date "2003.12.26"]
[Round "?"]
[White "Legarda Iturrioz, Jose Javier"]
[Black "Hasidume, Shuji"]
[Result "1-0"]
[WhiteElo "1393"]
[BlackElo "1459"]
[PlyCount "119"]
[EventDate "2003.??.??"]
[EventType "tourn (corr)"]
[EventRounds "4"]
[SourceTitle "Corr 2008"]
[Source "ChessBase"]
[SourceDate "2008.06.24"]
[SourceVersion "1"]
[SourceVersionDate "2008.06.24"]
[SourceQuality "1"]

1. d4 Nf6 2. c4 e6 3. Nc3 Bb4 4. Qc2 0-0 5. a3 Bxc3+ 6. Qxc3 d5 7. Bg5 h6 8. Bh4 dxc4 9. Qxc4 Nc6 10. Nf3 g5 11. Bg3 g4 12. Ne5 Qxd4 13. Qxd4 Nxd4 14. Rc1 c6 15. e3 Nf5 16. Bf4 Rd8 17. Be2 h5 18. Bg5 Kg7 19. e4 Nd4 20. Nxg4 hxg4 21. e5 Nxe2 22. Kxe2 Rd4 23. Bxf6+ Kg6 24. Ke3 Ra4 25. Rhd1 b6 26. h3 c5 27. f3 g3 28. h4 Ba6 29. Rd7 Rd4 30. Rxd4 cxd4+ 31. Kxd4 Rc8 32. Rxc8 Bxc8 33. Ke4 Ba6 34. Kf4 Bf1 35. Kxg3 a6 36. Kf2 Bc4 37. Ke3 Bf1 38. g4 Kh7 39. Kf4 Bd3 40. Kg5 Be2 41. f4 Bf3 42. f5 Bd5 43. Bd8 b5 44. Be7 exf5 45. gxf5 Kg7 46. h5 a5 47. h6+ Kh7 48. Bf8 Bc4 49. Kf6 Bb3 50. e6 fxe6 51. fxe6 Bc2 52. e7 Bg6 53. Ke6 Be8 54. Kd6 Kg6 55. Kc7 Kh7 56. Kd8 Bf7 57. e8Q Bxe8 58. Kxe8 Kg8 59. Bg7 b4 60. axb4 1-0

[Event "IECC CL6-2003.24 email"]
[Site "IECC email"]
[Date "2003.10.10"]
[Round "?"]
[White "Legarda Iturrioz, Jose Javier"]
[Black "Mariani, Danilo"]
[Result "0-1"]
[WhiteElo "1406"]
[BlackElo "1340"]
[PlyCount "32"]
[EventDate "2003.??.??"]
[EventType "tourn (corr)"]
[EventRounds "4"]
[SourceTitle "Corr 2008"]
[Source "ChessBase"]
[SourceDate "2008.06.24"]
[SourceVersion "1"]
[SourceVersionDate "2008.06.24"]
[SourceQuality "1"]

1. d4 Nf6 2. c4 g6 3. Nc3 Bg7 4. e4 d6 5. Nf3 0-0 6. Be2 e5 7. 0-0 Nbd7 8. Be3 Re8 9. d5 c6 10. Qc2 a6 11. Rfd1 Qc7 12. h3 cxd5 13. cxd5 b5 14. Rac1 Bb7 15. Nb1 Qxc2 16. Rxc2 Nxe4 0-1

[Event "IECC KO email"]
[Site "IECC email"]
[Date "2002.10.14"]
[Round "?"]
[White "Mauro, Guido"]
[Black "Legarda Iturrioz, Jose Javier"]
[Result "1/2-1/2"]
[WhiteElo "1526"]
[BlackElo "1399"]
[PlyCount "75"]
[EventDate "2002.??.??"]
[EventType "tourn (corr)"]
[EventRounds "6"]
[SourceTitle "Corr 2008"]
[Source "ChessBase"]
[SourceDate "2008.06.24"]
[SourceVersion "1"]
[SourceVersionDate "2008.06.24"]
[SourceQuality "1"]

1. e4 e5 2. Nf3 Nc6 3. d4 exd4 4. Nxd4 Bc5 5. Nxc6 Qf6 6. Qd2 dxc6 7. Nc3 Bd7 8. Bd3 0-0-0 9. Na4 Bd6 10. Qa5 Qd4 11. Bd2 c5 12. Nc3 Kb8 13. Be3 Qb4 14. Qxb4 cxb4 15. Ne2 Nf6 16. f3 Be5 17. c3 bxc3 18. Nxc3 Bh3 19. Bf1 Be6 20. Be2 Rd7 21. 0-0 Bd4 22. Bxd4 Rxd4 23. Rfe1 Rhd8 24. Rac1 c6 25. g4 g5 26. Rcd1 Rxd1 27. Rxd1 Rxd1+ 28. Bxd1 Kc7 29. Kf2 Kd6 30. Ke3 Ke5 31. h4 h6 32. b3 c5 33. Be2 a6 34. Na4 Nd7 35. Nb2 b5 36. hxg5 hxg5 37. Nd3+ Kd6 38. Nc1 1/2-1/2

[Event "IECC CL6-2002.28"]
[Site "IECC email"]
[Date "2002.09.20"]
[Round "?"]
[White "Krmpotic, Roman"]
[Black "Legarda Iturrioz, Jose Javier"]
[Result "1/2-1/2"]
[WhiteElo "1339"]
[BlackElo "1368"]
[PlyCount "54"]
[EventDate "2002.??.??"]
[EventType "tourn (corr)"]
[EventRounds "4"]
[SourceTitle "Corr 2008"]
[Source "ChessBase"]
[SourceDate "2008.06.24"]
[SourceVersion "1"]
[SourceVersionDate "2008.06.24"]
[SourceQuality "1"]

1. e4 e5 2. Nf3 Nc6 3. Bb5 a6 4. Bxc6 dxc6 5. d3 Bd6 6. Bg5 f6 7. Be3 Ne7 8. Nbd2 0-0 9. c4 c5 10. b4 b6 11. bxc5 Bxc5 12. Bxc5 bxc5 13. Nb3 Qd6 14. Rb1 Be6 15. Na5 Rab8 16. Rxb8 Rxb8 17. 0-0 Ng6 18. Ne1 Nf4 19. Qd2 f5 20. Qc2 Qb6 21. exf5 Bxf5 22. Nb3 a5 23. Kh1 a4 24. Nc1 Qb1 25. Qd2 Rd8 26. Rg1 Rd6 27. Qc3 Bg6 1/2-1/2

[Event "IECC CL6-2002.28"]
[Site "IECC email"]
[Date "2002.09.20"]
[Round "?"]
[White "Legarda Iturrioz, Jose Javier"]
[Black "Valencia, Gabriel"]
[Result "1-0"]
[WhiteElo "1385"]
[BlackElo "1208"]
[PlyCount "57"]
[EventDate "2002.??.??"]
[EventType "tourn (corr)"]
[EventRounds "4"]
[SourceTitle "Corr 2008"]
[Source "ChessBase"]
[SourceDate "2008.06.24"]
[SourceVersion "1"]
[SourceVersionDate "2008.06.24"]
[SourceQuality "1"]

1. e4 e5 2. Nf3 Nc6 3. Bb5 a6 4. Ba4 Nf6 5. 0-0 Nxe4 6. d4 exd4 7. Re1 d5 8. Nxd4 Qh4 9. Nxc6 Qxf2+ 10. Kh1 Bd7 11. Nc3 Be6 12. Nd4+ c6 13. Nxe4 dxe4 14. Rxe4 0-0-0 15. Be3 Qf6 16. Qf3 Bd5 17. Qxf6 gxf6 18. Rg4 f5 19. Rh4 Rg8 20. Nf3 Rg4 21. Rxg4 fxg4 22. Ne5 f5 23. Bb3 Bg7 24. Bf4 Bxb3 25. axb3 Bxe5 26. Bxe5 Rd2 27. c4 Kd7 28. Bc3 Rd3 29. Re1 1-0

[Event "IECC TH-M email"]
[Site "IECC email"]
[Date "2002.04.11"]
[Round "?"]
[White "Ondo, Bob"]
[Black "Legarda Iturrioz, Jose Javier"]
[Result "1-0"]
[WhiteElo "1379"]
[BlackElo "1343"]
[PlyCount "71"]
[EventDate "2002.??.??"]
[EventType "match (corr)"]
[EventRounds "2"]
[SourceTitle "Corr 2008"]
[Source "ChessBase"]
[SourceDate "2008.06.24"]
[SourceVersion "1"]
[SourceVersionDate "2008.06.24"]
[SourceQuality "1"]

1. e4 e6 2. d4 d5 3. Nc3 Bb4 4. e5 c5 5. Bd2 Ne7 6. Nb5 Bxd2+ 7. Qxd2 0-0 8. dxc5 Nd7 9. Qc3 a6 10. Nd6 Qc7 11. f4 Qxc5 12. Qxc5 Nxc5 13. Nf3 f6 14. c4 Ne4 15. Bd3 Nxd6 16. exd6 Nc6 17. a3 Rd8 18. c5 b6 19. b4 bxc5 20. bxc5 Bd7 21. Rb1 Rdb8 22. 0-0 Rxb1 23. Rxb1 Rb8 24. Rxb8+ Nxb8 25. Kf2 a5 26. Ke3 Kf7 27. Bxh7 g6 28. Nh4 g5 29. fxg5 fxg5 30. Nf3 Kf6 31. g4 e5 32. h3 Na6 33. Bg8 Bc6 34. h4 gxh4 35. g5+ Kg7 36. Bxd5 1-0

[Event "IECG CB.2002.0.00032 email"]
[Site "IECG email"]
[Date "2002.02.28"]
[Round "?"]
[White "Legarda Iturrioz, Jose Javier"]
[Black "Blittkowsky, Ralf"]
[Result "0-1"]
[WhiteElo "1960"]
[BlackElo "1800"]
[PlyCount "46"]
[EventDate "2002.02.28"]
[EventType "tourn (corr)"]
[EventRounds "6"]
[SourceTitle "Corr 2008"]
[Source "ChessBase"]
[SourceDate "2008.06.24"]
[SourceVersion "1"]
[SourceVersionDate "2008.06.24"]
[SourceQuality "1"]

1. e4 e5 2. Nf3 Nf6 3. Nxe5 Qe7 4. d4 d6 5. Nf3 Qxe4+ 6. Be2 Bf5 7. c4 Nc6 8. Nc3 Qc2 9. 0-0 Qxd1 10. Rxd1 0-0-0 11. Be3 Re8 12. d5 Ne5 13. Nxe5 dxe5 14. c5 Rd8 15. Rac1 Kb8 16. h3 Ne4 17. Bd3 Nxc3 18. bxc3 Bxd3 19. Rxd3 f5 20. f3 e4 21. Rdd1 f4 22. Bd4 exf3 23. gxf3 Rxd5 0-1

[Event "IECC Swiss email"]
[Site "IECC email"]
[Date "2002.01.28"]
[Round "?"]
[White "Legarda Iturrioz, Jose Javier"]
[Black "Mann, Derek"]
[Result "0-1"]
[WhiteElo "1289"]
[BlackElo "1802"]
[PlyCount "32"]
[EventDate "2002.??.??"]
[EventType "tourn (corr)"]
[EventRounds "6"]
[SourceTitle "Corr 2008"]
[Source "ChessBase"]
[SourceDate "2008.06.24"]
[SourceVersion "1"]
[SourceVersionDate "2008.06.24"]
[SourceQuality "1"]

1. e4 e5 2. Nf3 Nf6 3. Nc3 Nc6 4. a3 d5 5. Bb5 Nxe4 6. Nxe5 Qf6 7. Nf3 Be6 8. Qe2 Bd6 9. Nxe4 dxe4 10. Qxe4 0-0 11. 0-0 Bf5 12. Qa4 Ne5 13. Be2 Bg4 14. Qe4 Rae8 15. Qxb7 Nxf3+ 16. Bxf3 Qf4 0-1

[Event "IECC CL6-2002.02"]
[Site "IECC email"]
[Date "2002.01.25"]
[Round "?"]
[White "Legarda Iturrioz, Jose Javier"]
[Black "Fore, Troy"]
[Result "1-0"]
[WhiteElo "1287"]
[BlackElo "1300"]
[PlyCount "41"]
[EventDate "2002.??.??"]
[EventType "tourn (corr)"]
[EventRounds "4"]
[SourceTitle "Corr 2008"]
[Source "ChessBase"]
[SourceDate "2008.06.24"]
[SourceVersion "1"]
[SourceVersionDate "2008.06.24"]
[SourceQuality "1"]

1. e4 e5 2. Nf3 d6 3. d4 Nf6 4. dxe5 Nxe4 5. Qd5 Bf5 6. Bc4 Qd7 7. Qxb7 Nc5 8. Qxa8 Qd8 9. 0-0 Be4 10. Bd5 Bxd5 11. Qxd5 Be7 12. exd6 Qxd6 13. Nc3 0-0 14. Be3 Qxd5 15. Nxd5 Bd6 16. Bxc5 Bxc5 17. Nxc7 Rd8 18. Rad1 Be7 19. Rxd8+ Bxd8 20. Re1 Kf8 21. Re8# 1-0

[Event "IECG CP.P.00007 email"]
[Site "IECG email"]
[Date "2001.10.01"]
[Round "?"]
[White "Billion, Paul"]
[Black "Legarda Iturrioz, Jose Javier"]
[Result "1-0"]
[WhiteElo "2095"]
[BlackElo "1960"]
[PlyCount "45"]
[EventDate "2001.10.01"]
[EventType "tourn (corr)"]
[EventRounds "6"]
[SourceTitle "Corr 2008"]
[Source "ChessBase"]
[SourceDate "2008.06.24"]
[SourceVersion "1"]
[SourceVersionDate "2008.06.24"]
[SourceQuality "1"]

1. Nf3 Nf6 2. c4 e6 3. g3 b6 4. Bg2 Bb7 5. d4 Be7 6. Nc3 Ne4 7. Nxe4 Bxe4 8. 0-0 0-0 9. Bf4 d6 10. Qd2 Nd7 11. Rfd1 h6 12. Qe3 f5 13. Nd2 g5 14. Nxe4 gxf4 15. Qxf4 fxe4 16. Qxh6 Rf6 17. Qg5+ Kh8 18. Qh5+ Kg7 19. Bxe4 Rb8 20. Qh7+ Kf8 21. g4 Qe8 22. g5 Rf7 23. Qh8# 1-0

[Event "IECG C1.2001.0.00346"]
[Site "IECG email"]
[Date "2001.03.15"]
[Round "?"]
[White "Legarda Iturrioz, Jose Javier"]
[Black "Milani, Oscar"]
[Result "0-1"]
[WhiteElo "1960"]
[BlackElo "1945"]
[PlyCount "56"]
[EventDate "2001.03.15"]
[EventType "tourn (corr)"]
[EventRounds "6"]
[SourceTitle "Corr 2008"]
[Source "ChessBase"]
[SourceDate "2008.06.24"]
[SourceVersion "1"]
[SourceVersionDate "2008.06.24"]
[SourceQuality "1"]

1. d4 d5 2. c4 c6 3. Nf3 Nf6 4. Nc3 e6 5. Bg5 h6 6. Bh4 dxc4 7. e4 g5 8. Bg3 b5 9. Be2 b4 10. Na4 Nxe4 11. Be5 Nf6 12. Bxc4 Nbd7 13. 0-0 Bg7 14. Qe2 Nb6 15. Bb3 0-0 16. Nc5 Nbd5 17. Bc2 a5 18. Rac1 Qb6 19. Nd2 Ba6 20. Nxa6 Qxa6 21. Bd3 Qb7 22. f4 Nxf4 23. Bxf4 gxf4 24. Rxf4 Qc7 25. Rcf1 Qe7 26. Ne4 Nd5 27. R4f2 f5 28. Ng3 Bxd4 0-1

[Event "SEMI A019 email"]
[Site "SEMI email"]
[Date "2001.??.??"]
[Round "?"]
[White "Calpona, Sebastiano"]
[Black "Legarda Iturrioz, Jose Javier"]
[Result "1-0"]
[WhiteElo "1975"]
[BlackElo "1925"]
[PlyCount "39"]
[EventDate "2001.03.15"]
[EventType "tourn (corr)"]
[EventRounds "6"]
[EventCountry "ITA"]
[SourceTitle "Corr 2002"]
[Source "ChessBase"]
[SourceDate "2002.05.23"]
[SourceVersion "1"]
[SourceVersionDate "2002.05.23"]
[SourceQuality "1"]

1. e4 e6 2. d4 d5 3. Nc3 Bb4 4. e5 c5 5. a3 Bxc3+ 6. bxc3 Ne7 7. a4 Nbc6 8. Nf3 Qa5 9. Bd2 Bd7 10. Bb5 Qc7 11. 0-0 0-0 12. Re1 h6 13. Qc1 Ng6 14. Bxh6 gxh6 15. Qxh6 Rfc8 16. Ng5 Be8 17. Re3 cxd4 18. Rf3 Ncxe5 19. Qh7+ Kf8 20. Nxe6+ 1-0

[Event "SEMI A019 email"]
[Site "SEMI email"]
[Date "2001.??.??"]
[Round "?"]
[White "Petrie, Douglas"]
[Black "Legarda Iturrioz, Jose Javier"]
[Result "1-0"]
[WhiteElo "1800"]
[BlackElo "1925"]
[PlyCount "39"]
[EventDate "2001.03.15"]
[EventType "tourn (corr)"]
[EventRounds "6"]
[EventCountry "ITA"]
[SourceTitle "Corr 2002"]
[Source "ChessBase"]
[SourceDate "2002.05.23"]
[SourceVersion "1"]
[SourceVersionDate "2002.05.23"]
[SourceQuality "1"]

1. e4 e5 2. Nf3 f5 3. exf5 e4 4. Ne5 Nf6 5. Be2 Be7 6. Bh5+ Kf8 7. d4 d6 8. Nc4 Bxf5 9. 0-0 Qd7 10. Nc3 Nc6 11. f3 Be6 12. d5 Nxh5 13. dxe6 Qxe6 14. fxe4+ Nf6 15. Nd5 Rc8 16. Qd3 Kg8 17. Bg5 h6 18. Bxf6 Bxf6 19. Qb3 b6 20. Nxd6 1-0